000 00376nam a2200157 i 4500
001 bg
245 3 _aII laboratorium fizyczne :
_bpraca zbiorowa /
_cpod red. J. Liwo.
250 _a[Wyd.2].
260 _aGdaƄsk,
_c1984.
700 1 _aLiwo, Jan.
_eRed.
040 _cBPK
041 _apol
080 _a53(075.8)
942 _cKS
008 s pl f |000 0 pol
999 _c2445
_d2445
856 _uhttp://koha.tu.koszalin.pl/cgi-bin/koha/opac-detail.pl?biblionumber=2445
_yKatalog online BPK